header

Greece and the English (Record no. 208915)

MARC details
000 -LEADER
fixed length control field 01761nam a2200409 a 4500
082 04 - DEWEY DECIMAL CLASSIFICATION NUMBER
Classification number 327.495041
100 1# - MAIN ENTRY--AUTHOR NAME
Personal name Dimitrakis, Panagiotis.
245 10 - TITLE STATEMENT
Title Greece and the English
260 ## - PUBLICATION, DISTRIBUTION, ETC. (IMPRINT)
Place of publication London ;
-- New York :
Name of publisher Tauris Academic Studies ;
Place of publication New York :
Name of publisher Distributed in the United States and Canada exclusively by Palgrave Macmillan,
Year of publication 2009.
300 ## - PHYSICAL DESCRIPTION
Number of Pages 212 p.
490 1# - SERIES STATEMENT
Series statement International library of historical studies ;
856 40 - ELECTRONIC LOCATION AND ACCESS
Uniform Resource Identifier http://site.ebrary.com/lib/rucke/Doc?id=10359169

No items available.

© 2026 Rongo University
Contact us: librarian | system librarian | Rongo university